Представление документа в формате MARC21

ПолеНазваниеЗначение
  Тип записи a
  Библиографический уровень m
001 Контрольный номер RU/URAIT/588439
005 Дата корректировки 20260429163639.5
008 Кодируемые данные 260429s2026 RU y f j 000 0 rus u
020 Индекс ISBN __
a ISBN 978-5-534-15658-4
c Цена, тираж 1099.00
040 Источник каталогиз. __
a Служба первич. каталог. ИКО Юрайт
c Служба, преобразующая запись ИКО Юрайт
e Правила каталог. RCR
041 Код языка издания __
a Код языка текста rus
044 Код страны публикации __
a Код страны публикации RU
080 Индекс УДК __
a Индекс УДК 341(075.8)
084 Индекс другой классификации/Индекс ББК __
2 Источник индекса rubbk
a Индекс другой классификации/Индекс ББК 67.407я73
100 Автор __
a Автор Ермолина М. А.
q Полное имя Ермолина Марина Анатольевна
245 Заглавие __
a Заглавие Международное право окружающей среды
b Продолж. заглавия учебник для вузов
c Ответственность М. А. Ермолина.
256 Характеристики компьютерного файла __
a Характеристики компьютерного файла Электрон. дан.
260 Выходные данные __
a Место издания Москва
b Издательство Юрайт
c Дата издания 2026
300 Физическое описание __
a Объем 187 с
440 Серия __
a Серия Высшее образование
500 Примечания __
a Примечание URL: https://urait.ru/bcode/588439 (дата обращения: 29.04.2026).
520 Аннотация __
a Аннотация Курс составлен на основе исследования доктринальных взглядов виднейших российских и зарубежных ученых, а также правового анализа основополагающих международных актов в области охраны окружающей среды. В нем отражены современные тенденции прогрессивного развития международно-правовой охраны окружающей среды. Курс содержит ссылки на принятые в последние годы важнейшие международные правовые акты, договоры и региональные соглашения в указанной сфере. Соответствует актуальным требованиям федерального государственного образовательного стандарта высшего образования. Для обучающихся по направлению «Юриспруденция» и гуманитарным дисциплинам.
538 Прим. о системных особенностях __
a Прим. о системных особенностях Режим доступа: Электронно-библиотечная система Юрайт, для авториз. пользователей
653 Ключевые слова __
a Ключевые слова Земельное право. Экологическое право
653 Ключевые слова __
a Ключевые слова Юридические науки
653 Ключевые слова __
a Ключевые слова Экологическое и земельное право
653 Ключевые слова __
a Ключевые слова Международно-правовая охрана окружающей среды
653 Ключевые слова __
a Ключевые слова Земельное и экологическое право
653 Ключевые слова __
a Ключевые слова Международное право окружающей среды
856 Электронный адрес документа 40
n Местонахождение сервера Юрайт
g Электронная книга
q Тип электронного формата html
h Имя пользователя ЮРАЙТ
v Часы доступа к ресурсу 20271231
2 Способ доступа Показать документ
x Служебное примечание https://urait.ru/book/cover/797D9D6C-A1D6-4497-9990-2899916092BF
u URL https://urait.ru/bcode/588439
856 Электронный адрес документа 48
q Тип электронного формата cover
u URL https://urait.ru/book/cover/797D9D6C-A1D6-4497-9990-2899916092BF
911 __
u 0030=https://urait.ru/bcode/588439
911 __
u 073a=9785534156584
u 073d=1099.00
911 __
u 106a=s
911 __
u 900l=
952 Тип литературы __
i Дисциплина Экологическое и земельное право
952 Тип литературы __
i Дисциплина Международно-правовая охрана окружающей среды
952 Тип литературы __
i Дисциплина Земельное и экологическое право
952 Тип литературы __
i Дисциплина Международное право окружающей среды